| 000 | 00558cam a22002171 4500 | ||
|---|---|---|---|
| 001 | sa 66002738 | ||
| 003 | DLC | ||
| 005 | 20260227112232.0 | ||
| 008 | 891026m19601964ii 000 0 tamo | ||
| 010 | _asa 66002738 | ||
| 035 | _a(OCoLC)20554715 | ||
| 040 |
_aDLC _cWaU _dDLC |
||
| 042 | _apremarc | ||
| 050 | 0 | 0 |
_aPL4758.9.T5 _bS3 |
| 100 | 1 |
_aCāraṅkapāṇi, Irā. _q(Irācakōpāl), _d1925- |
|
| 245 | 1 | 0 |
_aTirukkur̲aḷ: _burai ver̲r̲umai. |
| 260 | _c[1960-64] | ||
| 300 |
_a3 v. _c19 cm. |
||
| 500 | _aIn Tamil. | ||
| 600 | 0 | 0 | _aTiruvaḷḷuvar. |
| 999 |
_c68579 _d68579 |
||